| Record ID | ia:circuitdesigners0000will |
| Source | Internet Archive |
| Download MARC XML | https://archive.org/download/circuitdesigners0000will/circuitdesigners0000will_marc.xml |
| Download MARC binary | https://www.archive.org/download/circuitdesigners0000will/circuitdesigners0000will_meta.mrc |
LEADER: 05223cam 2200745Ia 4500
001 ocm57427073
003 OCoLC
005 20210506045211.0
008 050114s2005 ne a fob 001 0 eng d
006 m o d
007 cr cnu|unuuu||
040 $aN$T$beng$epn$cN$T$dOCLCQ$dYDXCP$dOCLCG$dOCLCQ$dE7B$dKNOVL$dOCLCQ$dKNOVL$dOCLCF$dKNOVL$dOCLCQ$dAU@$dOCLCQ$dLOA$dCOCUF$dAGLDB$dMOR$dIQW$dPIFAG$dOCLCQ$dWY@$dU3W$dLUE$dSTF$dWRM$dVTS$dCEF$dNRAMU$dINT$dTOF$dOCLCQ$dG3B$dMERER$dOCLCQ$dK6U$dUKCRE
019 $a646767291$a650968937$a772059732$a856952362$a961511929$a962680999$a966232697$a988537462$a991918542$a1035674798$a1037732706$a1038659961$a1045459861$a1153496621
020 $a1417569158$q(electronic bk.)
020 $a9781417569151$q(electronic bk.)
020 $a9780080476513$q(electronic bk.)
020 $a0080476511$q(electronic bk.)
020 $z9780750663700
020 $z0750663707$q(pbk.)
035 $a(OCoLC)57427073$z(OCoLC)646767291$z(OCoLC)650968937$z(OCoLC)772059732$z(OCoLC)856952362$z(OCoLC)961511929$z(OCoLC)962680999$z(OCoLC)966232697$z(OCoLC)988537462$z(OCoLC)991918542$z(OCoLC)1035674798$z(OCoLC)1037732706$z(OCoLC)1038659961$z(OCoLC)1045459861$z(OCoLC)1153496621
037 $bKnovel Corporation$nhttp://www.knovel.com
050 4 $aTK7867$b.W55 2005eb
072 7 $aTEC$x008020$2bisacsh
072 7 $aTEC$x008010$2bisacsh
082 04 $a621.3/815$222
100 1 $aWilliams, Tim,$d1954-
245 14 $aThe circuit designer's companion /$cTim Williams.
250 $a2nd ed.
260 $aAmsterdam ;$aBoston :$bElsevier :$bNewnes,$c2005.
300 $a1 online resource (1 volume) :$billustrations
336 $atext$btxt$2rdacontent
337 $acomputer$bc$2rdamedia
338 $aonline resource$bcr$2rdacarrier
500 $aPrevious edition: 1991.
504 $aIncludes bibliographical references and index.
588 0 $aPrint version record.
505 0 $aGrounding and Wiring; Printed Circuits; Passive Components; Active Components; Linear ICs; Digital Circuits; Power Supplies; EMC; General Product Design; Appendices.
520 $aTim Williams' Circuit Designer's Companion provides a unique masterclass in practical electronic design that draws on his considerable experience as a consultant and design engineer. As well as introducing key areas of design with insider's knowledge, Tim focuses on the art of designing circuits so that every production model will perform its specified function and no other unwanted function - reliably over its lifetime. The combination of design alchemy and awareness of commercial and manufacturing factors makes this an essential companion for the professional electronics designer. Topics covered include analog and digital circuits, component types, power supplies and printed circuit board design. The second edition includes new material on microcontrollers, surface mount processes, power semiconductors and interfaces, bringing this classic work up to date for a new generation of designers. A unique masterclass in the design of optimized, reliable electronic circuits Beyond the lab - a guide to electronic design for production, where cost-effective design is imperative Tips and know-how provide a whole education for the novice, with something to offer the most seasoned professional.
650 0 $aElectronic circuit design.
650 7 $aTECHNOLOGY & ENGINEERING$xElectronics$xCircuits$xIntegrated.$2bisacsh
650 7 $aTECHNOLOGY & ENGINEERING$xElectronics$xCircuits$xGeneral.$2bisacsh
650 7 $aElectronic circuit design.$2fast$0(OCoLC)fst00906862
655 0 $aElectronic books.
655 4 $aElectronic books.
776 08 $iPrint version:$aWilliams, Tim, 1954-$tCircuit designer's companion.$b2nd ed.$dAmsterdam ; Boston : Elsevier : Newnes, 2005$z0750663707$w(OCoLC)56760273
856 40 $3ebrary$uhttp://site.ebrary.com/id/10254587
856 40 $3EBSCOhost$uhttp://search.ebscohost.com/login.aspx?direct=true&scope=site&db=nlebk&db=nlabk&AN=123444
856 40 $3Knovel$uhttp://app.knovel.com/hotlink/toc/id:kpCDCE0004/circuit-designers-companion
856 40 $3ProQuest Ebook Central$uhttp://public.ebookcentral.proquest.com/choice/publicfullrecord.aspx?p=226813
856 4 $3Safari Books Online$uhttp://proquest.safaribooksonline.com/9780750663700
856 40 $uhttp://search.ebscohost.com/login.aspx?direct=true&scope=site&db=nlebk&AN=123444$xWMS$yEBSCO Academic Comprehensive Collection$xProvider: EBSCO$xsubscribed$xeLoaderURL$xuc4$xucocm57427073
856 40 $uhttps://login.gbcprx01.georgebrown.ca/login?url=http://search.ebscohost.com/login.aspx?direct=true&scope=site&db=e000xna&AN=123444
856 40 $uhttp://ebookcentral.proquest.com/lib/ucreative-ebooks/detail.action?docID=226813$zConnect to Ebook.
938 $aebrary$bEBRY$nebr10254587
938 $aEBSCOhost$bEBSC$n123444
938 $aYBP Library Services$bYANK$n2353786
938 $aYBP Library Services$bYANK$n2613193
029 1 $aAU@$b000043904460
029 1 $aAU@$b000051860890
029 1 $aDEBBG$bBV043111023
029 1 $aDEBSZ$b422348589
029 1 $aGBVCP$b80124160X
029 1 $aNZ1$b14231583
994 $aZ0$bP4A
948 $hHELD BY P4A - 1765 OTHER HOLDINGS